Conocimientos valoración y uso del calendario escolar por directores (as) de Centros Educativos Públicos (Record no. 8870)

MARC details
000 -LEADER
campo de control de longitud fija 00762nam a2200181Ia 4500
001 - NÚMERO DE CONTROL
campo de control 967
003 - IDENTIFICADOR DE NÚMERO DE CONTROL
campo de control OSt
005 - FECHA Y HORA DE LA ÚLTIMA TRANSACCIÓN
campo de control 20250224092842.0
008 - DATOS DE LONGITUD FIJA--INFORMACIÓN GENERAL
campo de control de longitud fija 241024s2010 dr 000 0 spa d
040 ## - FUENTE DE CATALOGACIÓN
Centro catalogador/agencia de origen CGID0025
Lengua de catalogación spa
Centro/agencia transcriptor CGID0025
Normas de descripción rda
082 ## - NÚMERO DE LA CLASIFICACIÓN DECIMAL DEWEY
Número de clasificación RD/371.244/ID19c/2010
100 ## - ENTRADA PRINCIPAL--NOMBRE DE PERSONA
Nombre de persona República Dominicana. Instituto Dominicano de Evaluación e Investigación de la Calidad Educativa (IDEICE),
245 #0 - MENCIÓN DEL TÍTULO
Título Conocimientos valoración y uso del calendario escolar por directores (as) de Centros Educativos Públicos
Mención de responsabilidad, etc. Instituto Dominicano de Evaluación e Investigación de la Calidad Educativa (IDEICE),
260 ## - PUBLICACIÓN, DISTRIBUCIÓN, ETC.
Nombre del editor, distribuidor, etc. IDEICE
Fecha de publicación, distribución, etc. 2010
901 ## - ELEMENTOS DE DATOS A LOCAL LDA (RLIN)
a 14/1/2011 2:40:34 p.m.
942 ## - ELEMENTOS DE ENTRADA SECUNDARIOS (KOHA)
Fuente de la clasificación o esquema de estantería Clasificación Decimal Dewey
Tipo de ítem Koha Libros
Parte de la signatura que identifica el ejemplar (Parte del ítem) RD/371.244/ID19c/2010
Suprimir en OPAC No
Holdings
Estatus retirado Estado de pérdida Fuente de la clasificación o esquema de estantería Estado de daño No para préstamo Biblioteca de origen Biblioteca actual Fecha de adquisición Total de préstamos Signatura topográfica completa Visto por última vez Precio de reemplazo Tipo de ítem Koha
    Clasificación Decimal Dewey     Repositorio IDEICE Repositorio IDEICE 24/02/2025   RD/371.244/ID19c/2010 24/02/2025 24/02/2025 Libros

© 2024. Todos los Derechos Reservados. Desarrollado por IDEICE